Návrh zlepšenia využívania intranetových služieb v podniku VUJE, a.s. TRNAVA

Salvato in:
Dettagli Bibliografici
Autore principale: Branišová, Michaela, 1986- (Autore)
Altri autori: Šujanová, Jana, 1961- (Relatore della tesi)
Natura: Manoscritto Libro
Lingua:slovacco
Pubblicazione: STU v Bratislave MTF UPMK, 2010
Soggetti:
Accesso online:VAIS
Tags: Aggiungi Tag
Nessun Tag, puoi essere il primo ad aggiungerne!!

MARC

LEADER 00000ntm a22000003a 4500
001 stu206559
005 20160719160214.8
008 100707s2010------------------------slo-d
040 |a STU  |b slo 
041 0 |a slo 
100 1 |a Branišová, Michaela,  |d 1986-  |4 aut  |X 29965  |7 A000029965 
242 0 0 |a The proposal for the improvement of the current state of intranet services in company VUJE Trnava.  |y eng 
245 1 |a Návrh zlepšenia využívania intranetových služieb v podniku VUJE, a.s. TRNAVA 
260 |b STU v Bratislave MTF UPMK,  |c 2010 
650 7 |a informačný systém  |2 stusub 
650 7 |a information system  |2 estusub 
650 7 |a internet  |2 stusub 
650 7 |a intranet  |2 estusub 
650 7 |a internet  |2 stusub 
650 7 |a intranet  |2 estusub 
700 1 |a Šujanová, Jana,  |d 1961-  |4 ths  |u M4000  |U MTF Materiálovotechnologická fakulta  |T MTF Ústav priemyselného inžinierstva a manažmentu  |X 2306  |U M4000  |Y 84  |7 A000002306 
856 4 |a info a plný text  |u http://is.stuba.sk/zp/portal_zp.pl?podrobnosti=58309  |3 VAIS 
996 |c M*DP-9356  |l MMSKP  |s P  |a 0  |w stu206559_0001